000 00864nam a2200277 a 4500
001 1024839
003 OSt
005 20160114130410.0
008 880323s1987 nyua 000 0 eng
010 _a 88123425
020 _a9780440541974
_c$4.95
040 _aDLC
_cDLC
_dDLC
043 _an-us---
050 0 0 _aE 184.J5
_b.Se465 1987
082 0 0 _aHS 973.04924
_bJ55 1987
100 _aSelitz, Bruce
_916586
245 0 4 _aThe Jewish adventurers' club /
_c"Commodore" Bruce Selitz ... [et al.] ; illustrations by Dennis Corrigan.
260 _aNew York, N.Y. :
_bDell Pub. Co.,
_cc1987.
300 _a93 p. :
_bill. ;
_c21 cm.
650 0 _aJews
_zUnited States
_xMiscellanea.
_916587
700 1 _aSelitz, Bruce.
_916588
906 _a7
_bcbc
_corignew
_d3
_encip
_f19
_gy-gencatlg
942 _2lcc
_cBK
999 _c10382
_d10382